000 00568nam a22001817a 4500
005 20251108174944.0
008 250721s2010 xx 000 0 ara d
082 1 4 _a302.2/مشا
100 1 _aالمشاقبة، بسام عبد الرحمن
_eمؤلف
245 1 0 _aنظريات الأعلام /
264 1 _aعمان :
_bدار أسامة للنشر واللتوزيع،
_c2010.
300 _a240ص
650 1 7 _aالاتصال الجماهيري
650 1 7 _aمهارات الاتصال
650 1 7 _aالإعلام
942 _2ddc
_cBK
999 _c122455
_d122455